| 000 | 00648nam a2200217 a 4500 | ||
|---|---|---|---|
| 001 | BRCA_4711 | ||
| 005 | 20190320204755.0 | ||
| 008 | 051010s1942----ag-a######---#000-0#spa-# | ||
| 041 | _aspa | ||
| 044 | _aag | ||
| 050 | 4 |
_aND813 _b.S67 1 _c1942 |
|
| 245 | 1 | 0 |
_aSorolla _bsu obra en el arte español y sus obras en la Argentina. |
| 260 |
_aBuenos Aires _bInstitución Cultural Española _c1942 |
||
| 300 |
_a1 v. (sin paginación) _bil. (algunas a color) _c28 cm. |
||
| 500 | _aEjemplar igual a E87 | ||
| 500 | _aCFG32 | ||
| 600 | 1 | 4 |
_aSorolla, Joaquín _d1863-1923 _911937 |
| 650 | 1 | 4 |
_aPintores españoles _97620 |
| 902 | _aGFM | ||
| 942 |
_2lcc _cB |
||
| 999 |
_c4409 _d4409 |
||